Najlepsi piłkarze 2019 roku - ZDJĘCIA - Statystyki

Ogólne statystyki
  • Ten quiz został rozwiązany 1 943 razy
  • Średni wynik to 18 z 20
Statystyki odpowiedzi
Obrazkowy Odpowiedź % Poprawnych
Lionel Messi
100%
Cristiano Ronaldo
99%
Robert Lewandowski
98%
Kylian Mbappé
97%
Mohamed Salah
97%
Neymar
96%
Harry Kane
95%
Luka Modrić
94%
Eden Hazard
92%
Sadio Mané
91%
Virgil van Dijk
90%
N’Golo Kanté
89%
Kevin De Bruyne
88%
Raheem Sterling
86%
Sergio Agüero
84%
Bernardo Silva
79%
Antoine Griezmann
78%
Marc-André ter Stegen
77%
Ederson
71%
Matthijs de Ligt
64%
Nie znaleziono quizów pasujących do podanych kryteriów
Rozkład punktacji
Procent ludzi z każdym wynikiem
Percentyl według liczby udzielonych odpowiedzi
Twoja historia wyników
Nie rozwiązałeś tego quizu